书目信息 |
| 题名: |
微波通信抛物面天线
|
|
| 作者: | 张浩然 编 | |
| 分册: | ||
| 出版信息: | 北京 人民邮电出版社 1984 |
|
| 页数: | 244页 | |
| 开本: | 19cm | |
| 丛书名: | 微波接力通信技术丛书 | |
| 单 册: | ||
| 中图分类: | TN925 , TN823 , TN822 | |
| 科图分类: | ||
| 主题词: | 微波通信-抛物面天线 , 抛物面天线-微波通信 | |
| 电子资源: | ||
| ISBN: | ||
| 000 | 00826nam2 2200301 45 | |
| 001 | 0184016438 | |
| 005 | 20040906154012.8 | |
| 010 | @dCNY1.05 | |
| 091 | @a15045.总2829-无6268 | |
| 100 | @a19951011d1984 emky0chiy0121 ea | |
| 101 | 0 | @achi |
| 102 | @aCN@b110000 | |
| 105 | @ay z 000yy | |
| 106 | @ar | |
| 200 | 10 | @a微波通信抛物面天线@Awei bo tong xin pao wu mian tian xian@f张浩然编 |
| 210 | @a北京@c人民邮电出版社@d1984 | |
| 215 | @a244页@d19cm | |
| 225 | 2 | @a微波接力通信技术丛书 |
| 410 | 0 | @120010@a微波接力通信技术丛书 |
| 606 | @a微波通信-抛物面天线 | |
| 606 | @a抛物面天线-微波通信 | |
| 690 | @aTN925@v3 | |
| 690 | @aTN823@v3 | |
| 690 | @aTN822@v3 | |
| 701 | 0 | @a张浩然@Azhang hao ran@4编 |
| 801 | 0 | @aCN@b上海图书馆@c20040514 |
| 801 | 2 | @aCN@bNLC@c20040514 |
| 905 | @dTN822@e3@f1@b109279 | |
| 微波通信抛物面天线/张浩然编.-北京:人民邮电出版社,1984 |
| 244页;19cm.-(微波接力通信技术丛书) |
| ISBN :CNY1.05 |
| ● |
| 相关链接 |
|
|
|
|
正题名:微波通信抛物面天线
索取号:TN822/3
 
预约/预借
| 序号 | 登录号 | 条形码 | 馆藏地/架位号 | 状态 | 备注 |
| 1 | 0109279 | 001946675 | 第三借阅区/ [索取号:TN822/3] | 在馆 | |
| 2 | 0109280 | 001321652 | 第三借阅区/ [索取号:TN822/3] | 在馆 | |
| 3 | 0109281 | 001321661 | 第二样本阅览室/ [索取号:TN822/3] | 在馆 |